000 00606nam a2200241Ia 4500
003 OSt
005 20221005132205.0
006 a|||||r|||| 00| 0
007 ta
008 221004b |||||||| |||| 00| 0 guj d
024 _a40909
037 _cTextual
040 _aCRL
_cCRL
_bguj
041 _2guj
_aguj
082 _aO156,3N141,4, K6.1
245 0 _aTharey to piba cha jani jani
260 _c1966
300 _a292p.
_ccm.
650 _a GUJRATI LITERATURE
650 _aGUJRATI FICTION
942 _hO156,3N141,4, K6.1
_cTEXL
_2cc
999 _c1062720
_d1062720